| 000 | 01284cam a2200337 a 4500 | ||
|---|---|---|---|
| 001 | 13301416 | ||
| 003 | CEME | ||
| 005 | 20210628201530.0 | ||
| 008 | 030805s2003 enka b 001 0 eng | ||
| 010 | _a 2003276073 | ||
| 015 | _aGBA2-U8397 | ||
| 020 | _a9780521810104 | ||
| 035 | _a(OCoLC)ocm50718056 | ||
| 040 |
_aUKM _cUKM _dERE _dOCLCQ _dDLC |
||
| 042 | _alccopycat | ||
| 050 | 0 | 0 |
_aQC176 _b.K38 2003 |
| 082 | 0 | 0 |
_a530.4/11 _222 |
| 100 | 1 |
_aKaxiras, Efthimios. _955688 |
|
| 245 | 1 | 0 |
_aAtomic and electronic structure of solids / _cEfthimios Kaxiras. |
| 260 |
_aCambridge, UK ; _aNew York : _bCambridge University Press, _c2003. |
||
| 300 |
_axx, 676 p. : _bill. ; _c26 cm. |
||
| 504 | _aIncludes bibliographical references (p. 660-666) and index. | ||
| 650 | 0 |
_aSolids. _934504 |
|
| 650 | 0 |
_aSolid-state physics. _934429 |
|
| 650 | 0 |
_aAtomic structure. _955689 |
|
| 856 | 4 | 1 |
_3Sample text _uhttp://www.loc.gov/catdir/samples/cam034/2003276073.html |
| 856 | 4 | 2 |
_3Publisher description _uhttp://www.loc.gov/catdir/description/cam032/2003276073.html |
| 856 | 4 | 1 |
_3Table of contents _uhttp://www.loc.gov/catdir/toc/cam032/2003276073.html |
| 856 | 4 | 2 |
_3Contributor biographical information _uhttp://www.loc.gov/catdir/enhancements/fy0732/2003276073-b.html |
| 942 |
_2ddc _cBK |
||
| 999 |
_c566433 _d566433 |
||